| 000 | 00833nam a2200241Ia 4500 | ||
|---|---|---|---|
| 003 | OSt | ||
| 005 | 20220918172517.0 | ||
| 006 | a|||||r|||| 00| 0 | ||
| 007 | ta | ||
| 008 | 220917b |||||||| |||| 00| 0 eng d | ||
| 024 | _a1,238 | ||
| 037 | _cTextual | ||
| 040 |
_aARTS _cARTS _beng |
||
| 041 |
_2eng _aeng |
||
| 082 | _aRw1,M9, M8 | ||
| 100 |
_aTomlin E W F _941907 |
||
| 245 | 0 |
_aPhilosophers of East and west _b the quest for the meanibgf of existence in Eastern and Western thought |
|
| 260 |
_aDelhi _bAjanta Pub _c1988 |
||
| 500 | _aRevised and corrected version of the East Great philosophers of the East first published in 1952 : great philosophers : the western world fist printed in 1950 | ||
| 650 | _aPHILOSOPHY | ||
| 942 |
_hRw1,M9, M8 _cTEXL _2CC |
||
| 999 |
_c144266 _d144266 |
||